Mind as machine : A history of Cognitive Science. Vol. 2. /

Gespeichert in:
Bibliographische Detailangaben
1. Verfasser: Boden, Margaret A. (Verfasst von)
Format: Buch
Sprache:Englisch
Veröffentlicht: Oxford : Clarendon Press 2006
Schlagworte:
Tags: Tag hinzufügen
Keine Tags, Fügen Sie das erste Tag hinzu!

MARC

LEADER 00000nam a22000003a 4500
001 0028146
003 SK-STU
005 20171123155851.1
007 ta
008 171123s ----xo-----e------000-0-----d
020 |a 0-19-929238-8 
040 |a STU  |b slo 
041 0 |a eng 
044 |a xxk 
100 1 |a Boden, Margaret A.  |4 aut 
245 1 0 |a Mind as machine :   |b A history of Cognitive Science.   |n Vol. 2. /  |c aut. Margaret A Boden 
260 |a Oxford :  |b Clarendon Press  |c 2006 
300 |a 701 - 1631 s 
650 0 7 |a kognitívna veda 
650 0 7 |a história 
996 |b 5704  |c I* 13KV5704  |d Vol. 2. /  |l II680  |s A  |a 24  |w 0028146_0001